Normal view
MARC view
- Marcos Faundez- Zanuy , Francesco Carlo Morabito, Eros Pasero
Entry Personal Name
001 - CONTROL NUMBER
- control field: 112498
003 - CONTROL NUMBER IDENTIFIER
- control field: NUST
005 - DATE AND TIME OF LATEST TRANSACTION
- control field: 20230522115513.0
008 - FIXED-LENGTH DATA ELEMENTS
- fixed length control field: 230522|| aca||aabn | a|a d
040 ## - CATALOGING SOURCE
- Original cataloging agency: NUST
- Transcribing agency: NUST
100 ## - HEADING--PERSONAL NAME
- Personal name: Marcos Faundez- Zanuy , Francesco Carlo Morabito, Eros Pasero
670 ## - SOURCE DATA FOUND
- Source citation: Work cat.: (NUST)594833: Esposito, Anna 112497, Progresses in Artificial Intelligence and Neural system /, 2021.
